A path-way to military practise.

Spremljeno u:
Bibliografski detalji
Glavni autor: Rich, Barnabe, 1540?-1617
Format: Knjiga
Jezik:English
Izdano: London New York : Da Capo Press , 1969.
Serija:The English experience ; no. 177
Teme:
LEADER 00795nam a2200205 i 4500
001 c000031561
003 CARM
005 00000000000000.0
008 841002s1587 vp eng d
019 1 |a 236552  |z 9706226  |5 LACONCORD2021 
035 |a (OCoLC)151731  |5 LACONCORD2021 
100 1 |a Rich, Barnabe,  |d 1540?-1617. 
245 1 0 |a A path-way to military practise. 
260 |a London New York :  |b Da Capo Press ,  |c 1969. 
300 |a [87] p. :  |b illus. 
490 0 |a The English experience ;  |v no. 177 
650 0 |a Military art and science  |x Early works to 1800. 
852 8 |b CARM  |h A2:AF25F0  |i B01431  |p 0067438  |f BK 
999 f f |i 9dca25a8-025f-5e0d-8084-18df5be63090  |s 2a99bde2-6b90-5193-a45a-8c247a11bbe6 
952 f f |p Can circulate  |a CAVAL  |b CAVAL  |c CAVAL  |d CARM 1 Store  |e B01431  |f A2:AF25F0  |h Other scheme  |i book  |m 0067438